000 01313nam0a2200373 4500
001 RU\NLR\bibl\151676
005 20260427162225.0
010 _a5-94117-007-6
_bВ пер.
_93000
021 _aRU
_b2001-370
_919
035 _a(NLR Aleph) 000148683
090 _a852812
_c852812
100 _a20010302d2000 u y0rusy50 ca
101 1 _arus
_cita
102 _aRU
105 _aa |||||||||
200 1 _aТриумфы
_fФранческо Петрарка
_gПер. [с итал.] Владимира Микушевича
210 _aМ.
_cВремя
_d2000
215 _a253 с.
_cил.
_d17
225 1 _aТриумфы
327 1 _aВ оформ. кн. использ. грав. по рис. худож. Дзомпини и фрагм. фресок А. ди Бонайути
675 _a821.131.1-1Петрарка
_v3
_zrus
686 _a17.82
_2rugasnti
686 _a84(4Ита)-5
_2rubbk
686 _aШ6(4Ит)437-5
700 1 _aПетрарка
_bФ.
_f1304-1374
_gФранческо
_3RU\NLR\AUTH\7710722
_4070
702 1 _aМикушевич
_bВ. Б.
_gВладимир Б.
_4730
801 0 _aRU
_bRKP
_c20010302
_gPSBO
801 1 _aRU
_bRKP
_c20010302
801 2 _aRU
_bNLR
_c20010508
_grcr
942 _cBOOK
980 _aNB